BAYESIAN STATISTICAL INFERENCE (Record no. 7334)
[ view plain ]
| 000 -LEADER | |
|---|---|
| fixed length control field | 00342nam a2200133Ia 4500 |
| 008 - FIXED-LENGTH DATA ELEMENTS--GENERAL INFORMATION | |
| fixed length control field | 240624s9999 xx 000 0 und d |
| 041 ## - LANGUAGE CODE | |
| Language code of text/sound track or separate title | eng |
| 082 ## - DEWEY DECIMAL CLASSIFICATION NUMBER | |
| Classification number | 519.542 IVE |
| 100 ## - MAIN ENTRY--PERSONAL NAME | |
| Personal name | IVERSEN GUDMUND R |
| 245 ## - TITLE STATEMENT | |
| Title | BAYESIAN STATISTICAL INFERENCE |
| 260 ## - PUBLICATION, DISTRIBUTION, ETC. | |
| Date of publication, distribution, etc. | 1984 |
| Place of publication, distribution, etc. | London |
| Name of publisher, distributor, etc. | Sage Publications |
| 300 ## - PHYSICAL DESCRIPTION | |
| Extent | 80 , p. , 25 : cm. |
| 365 ## - TRADE PRICE | |
| Currency code | BPS |
| Price amount | 30 |
| Withdrawn status | Lost status | Damaged status | Not for loan | Home library | Current library | Shelving location | Date acquired | Source of acquisition | Cost, normal purchase price | Full call number | Barcode | Date last seen | Copy number | Price effective from | Koha item type |
|---|---|---|---|---|---|---|---|---|---|---|---|---|---|---|---|
| IMTN | IMTN | Rack 19-A | 11/20/2007 | AP | 12.99 | 519.542 IVE | 7334 | 06/24/2024 | 81.7 | 06/24/2024 | Books |